Club Football/Soccer Attendance - Statistics

General Stats
  • This quiz has been taken 32 times
  • The average score is 23 of 30
Answer Stats
Group Answer % Correct
Serie A AC Milan
100%
Bundesliga Bayern München
100%
Bundesliga Borussia Dortmund
100%
Ligue 1 Paris Saint-Germain
100%
Serie A Inter Milan
100%
EPL Arsenal
96%
EPL Liverpool
96%
EPL Manchester United
96%
Ligue 1 Olympique Marseille
96%
La Liga Real Madrid
96%
Serie A AS Roma
93%
La Liga Atletico Madrid
93%
EPL Tottenham Hotspur
93%
Ligue 1 Olympique Lyonnais
89%
Serie A Lazio
89%
Serie A Napoli
78%
Ligue 1 Lille
78%
Argentine Primera División Boca Juniors
74%
La Liga Valencia
74%
EPL West Ham United
74%
Argentine Primera División River Plate
67%
La Liga Athletic Bilbao
63%
Bundesliga Eintracht Frankfurt
63%
Ligue 1 RC Lens
56%
Bundesliga VFB Stuttgart
56%
La Liga Real Betis
52%
Bundesliga Borussia Mönchengladbach
44%
Argentine Primera División Newell's Old Boys
30%
Argentine Primera División Rosario Central
26%
Argentine Primera División Racing Club
22%
No matching quizzes found
Score Distribution
Percent of People with Each Score
Percentile by Number Answered
Your Score History
You have not taken this quiz